Energy and economic development / (Record no. 126877)

MARC details
000 -LEADER
fixed length control field 00720nam a22002417a 4500
005 - DATE AND TIME OF LATEST TRANSACTION
control field 20170124110016.0
010 ## - LIBRARY OF CONGRESS CONTROL NUMBER
LC control number A-297183
020 ## - INTERNATIONAL STANDARD BOOK NUMBER
International Standard Book Number 818506153
Terms of availability 00.00
035 ## - SYSTEM CONTROL NUMBER
System control number A-297183
037 ## - SOURCE OF ACQUISITION
Source of stock number/acquisition Cen Lib/Ret
040 ## - CATALOGING SOURCE
Original cataloging agency DPL
Language of cataloging EN
082 ## - DEWEY DECIMAL CLASSIFICATION NUMBER
Classification number 333.72
Item number GUR
100 ## - MAIN ENTRY--PERSONAL NAME
Personal name Guru, D. D.
9 (RLIN) 18727
245 ## - TITLE STATEMENT
Title Energy and economic development /
Statement of responsibility, etc by D. D. Guru [and] Qamar Ahsan
260 ## - PUBLICATION, DISTRIBUTION, ETC. (IMPRINT)
Place of publication, distribution, etc Delhi
Name of publisher, distributor, etc Amar Prakashan
Date of publication, distribution, etc 1987
270 ## - ADDRESS
City Delhi
300 ## - PHYSICAL DESCRIPTION
Extent xi,257p.
Dimensions 21cm(Hb)
500 ## - GENERAL NOTE
General note Includes bibliographical references and index<br/>
650 ## - SUBJECT ADDED ENTRY--TOPICAL TERM
Topical term or geographic name as entry element Power resources -- India
9 (RLIN) 18728
650 ## - SUBJECT ADDED ENTRY--TOPICAL TERM
Topical term or geographic name as entry element Energy policy -- India
9 (RLIN) 13504
700 ## - ADDED ENTRY--PERSONAL NAME
Personal name Ahsan, Qamar
9 (RLIN) 18729
942 ## - ADDED ENTRY ELEMENTS (KOHA)
Source of classification or shelving scheme Dewey Decimal Classification
Koha item type English Books
Classification part 333.72
Call number suffix GUR
Holdings
Withdrawn status Lost status Damaged status Not for loan Home library Current library Date acquired Source of acquisition Cost, normal purchase price Total Checkouts Full call number Barcode Date last seen Copy number Cost, replacement price Price effective from Koha item type Public note
Written off       Central Library Central Library 26/06/2015 Cen Lib/Ret 0.00   333.72 GUR A-297183 26/06/2015 1 0.00 26/06/2015 English Books W/d list no. 6819/19

© Delhi Public Library
Hit Counter
free hit counter